000 00540nam a2200205Ia 4500
005 20250508164108.0
008 008 250505s9999 xx 000 0 eng d
020 _a0-674-0095-7
037 _aTextual
040 _aFEDL
_beng
_cFEDL
041 _aeng
_2eng
084 _a128.3, TOU
_qFEDL
100 _aToulmin Stephen
245 0 _aReturn to reason
260 _aCambridge
_bHarvard University Press
_c2001
300 _ax,243p.
365 _aUSD
_b24.95
942 _cTEXL
_h128.3, TOU
999 _c1387028
_d1387028